Search the Library Catalogue
| 000 -LEADER | |
|---|---|
| fixed length control field | 00642nam a2200205Ia 4500 |
| 008 - FIXED-LENGTH DATA ELEMENTS--GENERAL INFORMATION | |
| fixed length control field | 191130s2009##################000#0#eng## |
| 020 ## - INTERNATIONAL STANDARD BOOK NUMBER | |
| ISBN | 9780495501121 |
| 082 ## - DEWEY DECIMAL CLASSIFICATION NUMBER | |
| Classification number | 320 GRI |
| 100 ## - MAIN ENTRY--AUTHOR NAME | |
| Personal name | Grigsby, Ellen |
| 245 ## - TITLE STATEMENT | |
| Title | Analyzing politics : an introduction to political science |
| Statement of responsibility, etc | Ellen Grigsby |
| 250 ## - EDITION STATEMENT | |
| Edition statement | 4th ed |
| 260 ## - PUBLICATION, DISTRIBUTION, ETC. (IMPRINT) | |
| Place of publication | Belmont, CA |
| Name of publisher | Wadsworth Cengage Learning |
| Year of publication | c2009 |
| 300 ## - PHYSICAL DESCRIPTION | |
| Number of Pages | xii, 363 p. : ill. ; 24 cm |
| 500 ## - GENERAL NOTE | |
| General note | Includes bibliographical references (p. 289-345) and index |
| 650 ## - SUBJECT ADDED ENTRY--TOPICAL TERM | |
| Topical Term | Political science |
| 991 ## - | |
| -- | 193685 |
| Withdrawn status | Lost status | Damaged status | Not for loan | Home library | Current library | Shelving location | Date acquired | Full call number | Accession Number | Price effective from | Koha item type |
|---|---|---|---|---|---|---|---|---|---|---|---|
| Anna Centenary Library | Anna Centenary Library | 3RD FLOOR, B WING | 17.10.2020 | 320 GRI | 185874 | 17.10.2020 | English Books |